Riconosci la Squadra di calcio - Quiz n°339 - Statistics

Statistiche generali
  • Questo quiz è stato fatto 8 volte
  • Il punteggio medio è 5 su 11
Statistiche sulle risposte
Indizio Risposta % Corretto
Colori sociali Bianco, verde
100%
Simboli Aquila
71%
Trofei internazionali 0
57%
Titoli nazionali 12 campionati bulgari
57%
Trofei nazionali 3 Coppe di Bulgaria 6 Supercoppe di Bulgaria
57%
Divisione nazionale 2023-2024 Prima
43%
Confederazione UEFA
43%
Capienza Stadio 10 422 posti
29%
Fondazione 1945
29%
Rifondazione 2001
29%
Squadra Ludogorets
29%
Nessun quiz corrispondente trovato
Distribuzione punteggi
Percentuale di utenti per punteggio
Percentile per numero di risposta
I tuoi punteggi nel tempo
Non hai fatto questo quiz